000 00393nam a2200133Ia 4500
008 151001s9999||||xx |||||||||||||| ||und||
100 _aसी पु वालावलकर
245 _aआजोबांच्या गोष्टी भाग 1
250 _a1
260 _bमधुश्री प्रकाशन
260 _c2009
300 _a111
365 _b21
999 _c996087
_d996084